[Event "Elit(Solna-Limhamn)"]
[Site "?"]
[Date "2010.10.09"]
[Round "2"]
[White "Brynell, Stellan"]
[Black "Lindberg, Bengt"]
[Result "1-0"]
[WhiteElo "2559"]
[BlackElo "2460"]
[PlyCount "145"]
[SourceDate "2010.10.17"]

1. d4 Nf6 2. c4 e6 3. Nf3 b6 4. g3 Ba6 5. b3 Bb7 6. Bg2 Bb4+ 7. Bd2 a5 8. O-O
O-O 9. Nc3 d6 10. Qc2 Nbd7 11. Rfe1 Bxc3 12. Bxc3 Be4 13. Qc1 a4 14. b4 b5 15.
cxb5 Qb8 16. Bf1 Qxb5 17. Nd2 Bg6 18. e4 Qb8 19. f3 Rc8 20. Qb2 Qa7 21. Kg2
Rab8 22. Qa3 Nb6 23. Rac1 Qa8 24. Bb2 d5 25. e5 Nfd7 26. Qe3 Qb7 27. a3 Rf8 28.
Qc3 Rbc8 29. Qc6 Qa7 30. Re3 Nb8 31. Qc5 f5 32. f4 Be8 33. Be2 Qb7 34. Kf2 Na6
35. Qc2 Bd7 36. Rc3 c6 37. Nf3 Nc7 38. Qd1 Nb5 39. R3c2 Qa7 40. Kg2 Qa8 41. Rc5
Rcd8 42. R1c2 h6 43. Nd2 Be8 44. Qc1 Rb8 45. Nf1 Bd7 46. Ne3 Nc8 47. Qd1 Ne7
48. Bd3 Rb7 49. Kh1 Rf7 50. Rg2 g6 51. g4 Kh7 52. gxf5 exf5 53. Qf3 Nc7 54. Rc1
Ne6 55. Rcg1 c5 56. h4 c4 57. Bc2 Ng7 58. Bc3 Qd8 59. Rh2 Rb6 60. Kg2 Be6 61.
Kf2 Nh5 62. Ke1 Rg7 63. Kd2 Rb8 64. Rhg2 Rg8 65. Kc1 Nc6 66. Nxf5 Qf8 67. Qxh5
gxh5 68. Ne7+ Kh8 69. Rxg8+ Bxg8 70. Ng6+ Kg7 71. Nxf8+ Kxf8 72. Bxa4 Ne7 73.
Bc2 1-0

[Event "Elit(Solna-Limhamn)"]
[Site "?"]
[Date "2010.10.09"]
[Round "2"]
[White "Karlsson, Tomas"]
[Black "Schneider, Stefan"]
[Result "1-0"]
[WhiteElo "2250"]
[BlackElo "2440"]
[PlyCount "65"]

1. e4 e6 2. d4 d5 3. Nc3 Bb4 4. e5 c5 5. a3 Bxc3+ 6. bxc3 Ne7 7. Qg4 O-O 8. Bd3
f5 9. exf6 Rxf6 10. Bg5 Rf7 11. Qh5 g6 12. Qd1 e5 13. dxe5 Nbc6 14. Nf3 Bg4 15.
Be2 Qc7 16. O-O Raf8 17. Bxe7 Qxe7 18. Qxd5 Rd8 19. Qe4 Bxf3 20. Bxf3 Qxe5 21.
c4 Qc3 22. Rad1 Nd4 23. Bg4 Qxc4 24. Rfe1 Rdf8 25. f3 Qc3 26. Rd3 Qa5 27. Be6
Nxe6 28. Qxe6 Kg7 29. Red1 b6 30. Qe5+ Kh6 31. f4 Rf5 32. Rh3+ Rh5 33. Rxh5+
1-0

[Event "Elit(Solna-Limhamn)"]
[Site "?"]
[Date "2010.10.09"]
[Round "2"]
[White "Penalver, Osmani"]
[Black "Bjarnehag, Peter"]
[Result "1/2-1/2"]
[WhiteElo "2317"]
[BlackElo "2216"]
[PlyCount "39"]

1. d4 Nf6 2. c4 c5 3. d5 g6 4. Nc3 Bg7 5. e4 O-O 6. Nf3 d6 7. Be2 e6 8. dxe6
Bxe6 9. O-O Nc6 10. Bf4 Qa5 11. Qxd6 Rad8 12. Qc7 Qb4 13. Bc1 Rd7 14. Qf4 Nh5
15. Qg5 Bf6 16. Qh6 Bg7 17. a3 Qa5 18. Qe3 Bd4 19. Qh6 Bg7 20. Qe3 1/2-1/2

[Event "Elit(Solna-Limhamn)"]
[Site "?"]
[Date "2010.10.09"]
[Round "2"]
[White "Steneskog, Per"]
[Black "Holst, Conny"]
[Result "1-0"]
[WhiteElo "2211"]
[BlackElo "2256"]
[PlyCount "69"]

1. d4 Nf6 2. c4 e6 3. Nc3 c5 4. d5 exd5 5. cxd5 d6 6. e4 g6 7. f4 Bg7 8. Nf3
O-O 9. Be2 b5 10. e5 dxe5 11. fxe5 Ng4 12. Bg5 f6 13. exf6 Bxf6 14. Qd2 Bb7 15.
Nxb5 Na6 16. Nc3 Nb4 17. O-O Qb6 18. Bc4 Bd4+ 19. Kh1 Kg7 20. Nxd4 cxd4 21. Na4
Qd6 22. Qxd4+ Ne5 23. Rxf8 Rxf8 24. Bf4 Rf5 25. Re1 Nbc6 26. Bxe5+ Nxe5 27. Nc5
Qf6 28. Nxb7 Nxc4 29. Qxc4 Qxb2 30. Nc5 Qd2 31. Ne6+ Kf6 32. Qh4+ g5 33. Qh6+
Ke7 34. Qg7+ Rf7 35. Qxg5+ 1-0

[Event "Elit(Solna-Limhamn)"]
[Site "?"]
[Date "2010.10.09"]
[Round "2"]
[White "Dalmau, Jorgen"]
[Black "Tadjerbashi, Amir"]
[Result "1/2-1/2"]
[WhiteElo "2156"]
[BlackElo "2228"]
[PlyCount "102"]

1. e4 e5 2. Nf3 Nc6 3. Nc3 Nf6 4. Bb5 Bb4 5. O-O O-O 6. d3 d6 7. Bg5 Bxc3 8.
bxc3 Qe7 9. Re1 Nd8 10. d4 Ne6 11. Bc1 c5 12. Bf1 Rd8 13. g3 Nf8 14. Nh4 h6 15.
Qd3 N6h7 16. h3 Qf6 17. Be3 Ng5 18. Kh2 Be6 19. Bg2 b6 20. Rf1 Rac8 21. d5 Bd7
22. f4 exf4 23. Rxf4 Qe5 24. Rf2 Ng6 25. Nxg6 fxg6 26. Raf1 Rf8 27. Bf4 Qe7 28.
e5 Bf5 29. Qe2 dxe5 30. Qxe5 Qd7 31. Bxg5 hxg5 32. g4 Rfe8 33. Qg3 Be4 34. c4
Bxg2 35. Kxg2 Re7 36. Qd3 Qd6 37. Re2 Rcc7 38. Rfe1 Rxe2+ 39. Qxe2 Rf7 40. Qe8+
Qf8 41. Qxf8+ Kxf8 42. Rf1 Rf6 43. Rf3 Ke7 44. Ra3 a5 45. Re3+ Kf7 46. Kg3 Rd6
47. a4 Rf6 48. Re4 Rf1 49. Re6 Rf6 50. Re3 Rf4 51. Rf3 Rf6 1/2-1/2

[Event "Elit(Vasteras-Eksjo)"]
[Site "?"]
[Date "2010.10.09"]
[Round "2"]
[White "Gdanski, Jacek"]
[Black "Sjodahl, Pontus"]
[Result "1-0"]
[WhiteElo "2580"]
[BlackElo "2476"]
[PlyCount "71"]

1. Nf3 Nf6 2. c4 e6 3. g3 d5 4. Bg2 dxc4 5. Qa4+ Nbd7 6. Qxc4 a6 7. Qb3 c5 8.
a4 Be7 9. d3 O-O 10. a5 Nd5 11. O-O b5 12. axb6 Rb8 13. Na3 Rxb6 14. Qd1 Bf6
15. Nc4 Rb8 16. Nfd2 N7b6 17. Ne4 Be7 18. Na5 Bd7 19. Bd2 Bb5 20. Qc2 Rc8 21.
Rfc1 c4 22. d4 Qd7 23. Ng5 f5 24. Nf3 Nb4 25. Bxb4 Bxb4 26. Ne5 Qe8 27. e3 Ba4
28. Rxa4 Qxa4 29. Qxa4 Nxa4 30. Nac6 a5 31. Nxc4 Rc7 32. Ra1 Nxb2 33. Nxb2 Bc3
34. Ra2 Rfc8 35. Na4 Bb4 36. Rc2 1-0

[Event "Elit(Vasteras-Eksjo)"]
[Site "?"]
[Date "2010.10.09"]
[Round "2"]
[White "Akesson, Ralf"]
[Black "Malesevic, Nedeljko"]
[Result "1/2-1/2"]
[WhiteElo "2461"]
[BlackElo "2405"]
[PlyCount "120"]

1. d4 d5 2. c4 c6 3. Nc3 Nf6 4. e3 Bf5 5. cxd5 Nxd5 6. Bc4 e6 7. Nge2 Nd7 8. e4
Nxc3 9. Nxc3 Bg6 10. O-O Nb6 11. Bb3 Bb4 12. f3 O-O 13. Be3 Re8 14. Ne2 h6 15.
Nf4 Bh7 16. Nd3 Bd6 17. Qe1 Kh8 18. Rd1 Qe7 19. Qf2 Nd7 20. Rfe1 f6 21. e5 Bc7
22. exf6 Qxf6 23. Nc5 Nxc5 24. dxc5 Rad8 25. Bd4 e5 26. Qe3 Bg8 27. Bxg8 Rxg8
28. Bc3 Rd5 29. Rxd5 cxd5 30. f4 d4 31. fxe5 Bxe5 32. Qxe5 dxc3 33. Qxc3 Qxc3
34. bxc3 Rc8 35. Re5 Rc6 36. Kf2 Ra6 37. Re2 Ra5 38. Rb2 Rxc5 39. Rxb7 a5 40.
Rb3 a4 41. Ra3 h5 42. Ke3 Rg5 43. Rxa4 Rxg2 44. h4 Rg3+ 45. Kd2 Kg8 46. a3 Kf7
47. Re4 g5 48. hxg5 Rxg5 49. a4 Rg8 50. Ke3 Rh8 51. a5 h4 52. Kf2 h3 53. Kg1
Ra8 54. Ra4 Ke7 55. Kh2 Kd6 56. Kxh3 Kc6 57. c4 Rg8 58. a6 Kb6 59. a7 Ra8 60.
Kg4 Rxa7 1/2-1/2

[Event "Elit(Vasteras-Eksjo)"]
[Site "?"]
[Date "2010.10.09"]
[Round "2"]
[White "Ornstein, Axel"]
[Black "Nilsson, Andre"]
[Result "1-0"]
[WhiteElo "2424"]
[BlackElo "2307"]
[PlyCount "63"]

1. d4 g6 2. e4 Bg7 3. Nf3 d6 4. c3 Nf6 5. Bd3 O-O 6. O-O Nc6 7. Re1 e5 8. dxe5
Nxe5 9. Nxe5 dxe5 10. Na3 Nd7 11. Be3 Qe7 12. Bf1 Rd8 13. Qc2 Nb6 14. c4 c6 15.
c5 Nd7 16. Rad1 Nf8 17. Nc4 Rxd1 18. Rxd1 Be6 19. Nd6 Rd8 20. Qa4 a6 21. Qa5
Bf6 22. b3 Rd7 23. Nc8 Qe8 24. Rxd7 Qxd7 25. Nd6 Be7 26. Qb6 Bxd6 27. cxd6 Qc8
28. Bc4 Bxc4 29. bxc4 Ne6 30. c5 Kf8 31. Qb2 f6 32. f4 1-0

[Event "Elit(Vasteras-Eksjo)"]
[Site "?"]
[Date "2010.10.09"]
[Round "2"]
[White "Janse, Rasmus"]
[Black "Vernersson, Per"]
[Result "1/2-1/2"]
[WhiteElo "2269"]
[BlackElo "2451"]
[PlyCount "53"]

1. d4 d5 2. c4 e6 3. Nc3 Be7 4. Nf3 Nf6 5. Bg5 Nbd7 6. e3 O-O 7. Bd3 dxc4 8.
Bxc4 c5 9. O-O cxd4 10. Nxd4 Ne5 11. Bb3 Bd7 12. Qc2 Nc6 13. Rfd1 Qa5 14. Nf5
Qxf5 15. Bxf6 Rfd8 16. Bxe7 Nxe7 17. Rd6 Qa5 18. Qd2 Bc6 19. e4 Qc7 20. Rd1
Rxd6 21. Qxd6 Qxd6 22. Rxd6 Kf8 23. f4 Ke8 24. Kf2 Ng6 25. Ke3 Ke7 26. Rd2 Nf8
27. Bd1 1/2-1/2

[Event "Elit(Vasteras-Eksjo)"]
[Site "?"]
[Date "2010.10.09"]
[Round "2"]
[White "de Verdier, Michael"]
[Black "Eriksson, Anders"]
[Result "1-0"]
[WhiteElo "2386"]
[BlackElo "2345"]
[PlyCount "81"]

1. e4 c6 2. Nf3 d5 3. exd5 cxd5 4. Ne5 Nc6 5. d4 e6 6. c3 Nf6 7. Bb5 Qb6 8. Qa4
Bd7 9. Nxd7 Nxd7 10. Nd2 Be7 11. Nf3 O-O 12. Bd3 Rfc8 13. O-O a6 14. Qc2 Nf8
15. Bf4 Qd8 16. Qe2 Bd6 17. Bxd6 Qxd6 18. Nd2 Rc7 19. Rfe1 Rb8 20. Qe3 b5 21.
b4 Na7 22. Nb3 Nd7 23. Nc5 Nxc5 24. bxc5 Qd8 25. f4 g6 26. Reb1 a5 27. Rb3 b4
28. Rab1 Nc6 29. cxb4 axb4 30. Qf2 Ra7 31. Rd1 Qf6 32. Bf1 Ra5 33. g3 Qe7 34.
Rd2 Qa7 35. g4 Ra3 36. f5 exf5 37. gxf5 Rxb3 38. axb3 Qa1 39. Qe3 gxf5 40. Qg5+
Kf8 41. Qh6+ 1-0

[Event "Elit(Vasteras-Eksjo)"]
[Site "?"]
[Date "2010.10.09"]
[Round "2"]
[White "Janse, Love"]
[Black "Krantz, Christopher"]
[Result "0-1"]
[WhiteElo "2219"]
[BlackElo "2349"]
[PlyCount "68"]

1. e4 e6 2. d3 d5 3. Qe2 Nc6 4. Nf3 e5 5. exd5 Qxd5 6. Nc3 Bb4 7. Bd2 Bxc3 8.
Bxc3 Bg4 9. Qe4 Bxf3 10. gxf3 Nf6 11. Qf5 Nd4 12. Bxd4 exd4 13. Bh3 O-O 14. Rg1
Rfe8+ 15. Kf1 Qd6 16. Qg5 g6 17. f4 Nd5 18. Rg4 f6 19. Qh6 f5 20. Rh4 Re7 21.
Qg5 Kh8 22. Bg2 Rae8 23. Bf3 Nb4 24. Rh6 Nxc2 25. Rc1 Re1+ 26. Rxe1 Rxe1+ 27.
Kg2 Re6 28. Bxb7 Ne1+ 29. Kh3 Nxd3 30. Rh4 Nxf2+ 31. Kg2 Ng4 32. h3 Ne3+ 33.
Kh2 d3 34. Qh6 Qe7 0-1

[Event "Elit(Vasteras-Eksjo)"]
[Site "?"]
[Date "2010.10.09"]
[Round "2"]
[White "Gustafsson, Olof"]
[Black "Sandberg, Richard"]
[Result "0-1"]
[WhiteElo "2134"]
[BlackElo "2248"]
[PlyCount "44"]
[EventDate "2010.??.??"]

1. e4 d6 2. d4 Nf6 3. Bd3 e5 4. c3 d5 5. Qe2 exd4 6. e5 Ne4 7. Bxe4 dxe4 8.
Qxe4 Nc6 9. Nf3 Be6 10. O-O Bc5 11. b4 Bb6 12. b5 Bd5 13. Qg4 Ne7 14. Nxd4 h5
15. Qh4 Qd7 16. Bg5 Ng6 17. Qg3 h4 18. Qe3 O-O 19. Re1 Rae8 20. Nd2 Rxe5 21.
Qxe5 Nxe5 22. Rxe5 f6 0-1

[Event "Elit(Farsta-LASK)"]
[Site "?"]
[Date "2010.10.09"]
[Round "2"]
[White "Hall, Jesper"]
[Black "Livner, Anders"]
[Result "1-0"]
[WhiteElo "2541"]
[BlackElo "2392"]
[PlyCount "93"]
[EventDate "2010.??.??"]

1. e4 c5 2. Nc3 Nc6 3. f4 g6 4. Nf3 Bg7 5. g3 d6 6. Bg2 Bg4 7. h3 Bxf3 8. Qxf3
Nd4 9. Qd1 Rb8 10. O-O Nf6 11. d3 b5 12. Be3 Nd7 13. Qd2 b4 14. Nd1 Qa5 15. Bf2
Qa6 16. Ne3 Nc6 17. Rfb1 O-O 18. g4 Qc8 19. c3 Nb6 20. a3 bxc3 21. bxc3 Qa6 22.
a4 Na5 23. Bf1 c4 24. dxc4 Qc8 25. Qd3 Nd7 26. Nd5 Nc6 27. Rxb8 Qxb8 28. Rb1
Qd8 29. Rb7 Nc5 30. Bxc5 dxc5 31. Rc7 e6 32. Rxc6 exd5 33. cxd5 Qa5 34. Qc4
Qxc3 35. Qxc3 Bxc3 36. Kg2 Bd4 37. d6 Rd8 38. e5 g5 39. Kf3 Kg7 40. Rc7 gxf4
41. Kxf4 Re8 42. Re7 Kf8 43. Rxe8+ Kxe8 44. Kf5 h6 45. Kf6 Bf2 46. Bc4 Bh4+ 47.
Kg7 1-0

[Event "Elit(Farsta-LASK)"]
[Site "?"]
[Date "2010.10.09"]
[Round "2"]
[White "Lissang, Christopher"]
[Black "Grandelius, Nils"]
[Result "0-1"]
[WhiteElo "2302"]
[BlackElo "2589"]
[PlyCount "74"]

1. d4 Nf6 2. Nf3 g6 3. c4 Bg7 4. Nc3 O-O 5. g3 d5 6. cxd5 Nxd5 7. Bg2 c5 8.
Nxd5 Qxd5 9. dxc5 Qxd1+ 10. Kxd1 Na6 11. Bg5 Bxb2 12. Rb1 Rd8+ 13. Nd2 Bc3 14.
c6 bxc6 15. Bxc6 Bf5 16. Rc1 Bxd2 17. Bxd2 Rab8 18. Ke1 Nb4 19. Bxb4 Rxb4 20.
a4 Rb2 21. f3 a6 22. g4 Bc2 23. Kf2 Rd6 24. Be4 Bxe4 25. fxe4 Rd4 26. Kf3 Rbb4
27. a5 Rxe4 28. Rc6 Rf4+ 29. Ke3 Rxg4 30. Rxa6 Rb3+ 31. Kf2 Rf4+ 32. Kg2 Re4
33. Kf2 Rb2 34. Re1 Ra2 35. Ra8+ Kg7 36. Kf3 Rea4 37. Ra7 e6 0-1

[Event "Elit(Farsta-LASK)"]
[Site "?"]
[Date "2010.10.09"]
[Round "2"]
[White "Bejtovic, Jasmin"]
[Black "Ong, Kezli"]
[Result "1-0"]
[WhiteElo "2459"]
[BlackElo "2319"]
[PlyCount "93"]

1. e4 e5 2. Nf3 Nc6 3. d4 exd4 4. Nxd4 Nf6 5. Nxc6 bxc6 6. e5 Qe7 7. Qe2 Nd5 8.
c4 Nb6 9. Nc3 a5 10. f4 Ba6 11. b3 g6 12. Ne4 Bg7 13. Bb2 O-O 14. O-O-O Rfe8
15. Qf2 d5 16. Nf6+ Bxf6 17. exf6 Qe3+ 18. Qxe3 Rxe3 19. Bd4 Re4 20. g3 dxc4
21. Bg2 Re6 22. Be5 cxb3 23. axb3 Nd5 24. Rxd5 cxd5 25. Bxd5 Rd8 26. Bxe6 fxe6
27. Kb2 Rd2+ 28. Ka3 c6 29. Rc1 Bb7 30. h4 h5 31. g4 hxg4 32. Rg1 Kf7 33. Rxg4
Ba6 34. h5 Bd3 35. Rg1 Bf5 36. h6 Rh2 37. Rc1 Be4 38. Rc5 Bb1 39. Rxa5 Ra2+ 40.
Kb4 Rxa5 41. Kxa5 g5 42. fxg5 Be4 43. Kb6 Kf8 44. h7 Bxh7 45. Kxc6 Be4+ 46. Kc5
Ke8 47. Kd6 1-0

[Event "Elit(Farsta-LASK)"]
[Site "?"]
[Date "2010.10.09"]
[Round "2"]
[White "Jaderberg, Bjorn"]
[Black "Lund, Silas"]
[Result "1/2-1/2"]
[WhiteElo "2213"]
[BlackElo "2455"]
[PlyCount "83"]

1. c4 e5 2. Nc3 d6 3. g3 f5 4. Bg2 Nf6 5. e3 Be7 6. Nge2 O-O 7. d3 c6 8. O-O
Be6 9. f4 a5 10. b3 Na6 11. Bd2 Qd7 12. a3 Rae8 13. Qc2 Bd8 14. Rae1 Bb6 15.
Na4 Bc7 16. b4 axb4 17. axb4 e4 18. Nd4 Bf7 19. Bh3 g6 20. Bc3 exd3 21. Qxd3
Ne4 22. Ba1 Bd8 23. Rb1 Bf6 24. Nc3 Qd8 25. Rfd1 c5 26. Nc2 cxb4 27. Nxb4 Nec5
28. Qe2 Nxb4 29. Rxb4 Qe7 30. Bg2 Qxe3+ 31. Qxe3 Rxe3 32. Nd5 Bxd5 33. Bxd5+
Kg7 34. Bxf6+ Rxf6 35. Bxb7 Rfe6 36. Bd5 Re7 37. Rb2 Re1+ 38. Rxe1 Rxe1+ 39.
Kg2 Re7 40. Rd2 Ne4 41. Bxe4 Rxe4 42. Rxd6 1/2-1/2

[Event "Elit(Farsta-LASK)"]
[Site "?"]
[Date "2010.10.09"]
[Round "2"]
[White "Gajic, Mladen"]
[Black "Wieweg, Johnny"]
[Result "1/2-1/2"]
[WhiteElo "2357"]
[BlackElo "2224"]
[PlyCount "91"]

1. e4 e5 2. Bc4 Nc6 3. Nf3 d6 4. c3 Be7 5. O-O Nf6 6. d3 O-O 7. a4 Na5 8. Ba2
c5 9. Re1 Nc6 10. Na3 h6 11. Nc4 Re8 12. h3 Bf8 13. a5 Be6 14. Qa4 Rb8 15. Bb3
Nh5 16. Ba2 g6 17. g4 Qf6 18. Nh2 Nf4 19. Bxf4 exf4 20. Qd1 g5 21. Kg2 Rbd8 22.
Nd2 Bxa2 23. Rxa2 Bg7 24. Nc4 Qe6 25. Ra1 Bf6 26. Qf3 Kg7 27. h4 Ne5 28. Nxe5
dxe5 29. h5 Rd6 30. Red1 Red8 31. c4 Qd7 32. Ra3 Rd4 33. Rb3 Qc8 34. Qe2 R8d6
35. Kh3 Bd8 36. Nf3 Bxa5 37. Nxd4 Rxd4 38. Rb5 b6 39. Rb3 Bb4 40. f3 a5 41. Qc2
Qd7 42. Kg2 Qc6 43. Kf2 Kh7 44. Ke2 Kg7 45. Ra1 Qd7 46. Rc1 1/2-1/2

[Event "Elit(Farsta-LASK)"]
[Site "?"]
[Date "2010.10.09"]
[Round "2"]
[White "Hanninger, Simon"]
[Black "Dragicevic, Drazen"]
[Result "0-1"]
[WhiteElo "2265"]
[BlackElo "2349"]
[PlyCount "64"]

1. e4 c5 2. Nc3 Nc6 3. g3 g6 4. Bg2 Bg7 5. d3 d6 6. f4 Nf6 7. Nf3 O-O 8. h3 e5
9. O-O Nh5 10. Ne2 exf4 11. g4 Ng3 12. Nxg3 fxg3 13. c3 f5 14. Qb3+ Kh8 15.
gxf5 gxf5 16. Bg5 Qe8 17. exf5 Bxf5 18. Nh4 Bxd3 19. Rxf8+ Qxf8 20. Qxb7 Qf2+
21. Kh1 Re8 22. Rg1 Be4 23. Qd7 Rf8 24. Qxd6 Ne5 25. Bh6 Bxg2+ 26. Nxg2 Qf5 27.
Bxg7+ Kxg7 28. Qe7+ Kh8 29. Qh4 Rg8 30. Ne3 Qf2 31. Rg2 Qe1+ 32. Rg1 Qxg1+ 0-1

[Event "Elit(Upsala-Manhem)"]
[Site "?"]
[Date "2010.10.09"]
[Round "2"]
[White "Burwick, Malte"]
[Black "Akesson, Joel"]
[Result "1/2-1/2"]
[WhiteElo "2264"]
[BlackElo "2367"]
[PlyCount "81"]

1. d4 d5 2. Nf3 Nf6 3. e3 c5 4. c4 e6 5. Nc3 Nc6 6. a3 a6 7. dxc5 Bxc5 8. b4
Ba7 9. Bb2 O-O 10. Qc2 Qe7 11. Rd1 Rd8 12. h3 dxc4 13. Rxd8+ Nxd8 14. Bxc4 b5
15. Ba2 Bb7 16. Bb1 Rc8 17. Qd3 e5 18. Qf5 Bb8 19. Nd5 Qd6 20. Nxf6+ Qxf6 21.
Qxh7+ Kf8 22. Qh8+ Ke7 23. Qh4 Qxh4 24. Nxh4 g6 25. Nf3 e4 26. Nd2 f5 27. f3
Be5 28. Bxe5 Rc1+ 29. Kf2 Rxh1 30. fxe4 Bxe4 31. Bxe4 fxe4 32. Nf1 Nc6 33. Bh2
a5 34. bxa5 Nxa5 35. Bg1 Nc4 36. Ng3 Rxg1 37. Kxg1 Nxe3 38. Nxe4 Nc4 39. Kf2
Nxa3 40. h4 b4 41. Nd2 1/2-1/2

[Event "Elit(Upsala-Manhem)"]
[Site "?"]
[Date "2010.10.09"]
[Round "2"]
[White "Hultin, Johan"]
[Black "Glimbrant, Torbjorn"]
[Result "1/2-1/2"]
[WhiteElo "2381"]
[BlackElo "2324"]
[PlyCount "65"]
[EventDate "2010.??.??"]

1. d4 Nf6 2. Nf3 e6 3. c4 Bb4+ 4. Nbd2 b6 5. g3 Bb7 6. Bg2 c5 7. a3 Bxd2+ 8.
Qxd2 O-O 9. dxc5 bxc5 10. O-O d5 11. cxd5 exd5 12. b4 Nbd7 13. Bb2 Re8 14. Rfc1
Ne4 15. Qd1 Qe7 16. bxc5 Ndxc5 17. Bd4 Ne6 18. Qa4 Nxd4 19. Nxd4 h5 20. Qb4 Qd7
21. Qa5 Rac8 22. e3 h4 23. Qxa7 hxg3 24. hxg3 Rxc1+ 25. Rxc1 Ra8 26. Qb6 Rxa3
27. Qc7 Qxc7 28. Rxc7 Ba6 29. Bxe4 dxe4 30. Ra7 Ra1+ 31. Kh2 Ra2 32. Kg1 Ra1+
33. Kh2 1/2-1/2

[Event "Elit(Upsala-Manhem)"]
[Site "?"]
[Date "2010.10.09"]
[Round "2"]
[White "Marttala, Thomas"]
[Black "Carlhammar, Magnus"]
[Result "1/2-1/2"]
[WhiteElo "2300"]
[BlackElo "2308"]
[PlyCount "56"]

1. Nf3 Nf6 2. c4 d6 3. g3 e5 4. Bg2 Be7 5. d4 Nbd7 6. O-O O-O 7. Nc3 c6 8. Qc2
Re8 9. Rd1 Bf8 10. e4 a6 11. d5 cxd5 12. cxd5 b5 13. b4 Nb6 14. a4 Nxa4 15.
Nxa4 bxa4 16. Rxa4 Bd7 17. Ra1 Qb6 18. Bg5 Rec8 19. Qe2 Be7 20. Rab1 Ba4 21.
Rdc1 Rxc1+ 22. Bxc1 Rc8 23. Be3 Qb5 24. Qxb5 Bxb5 25. Ne1 Bd8 26. f3 Rc3 27.
Kf2 Nd7 28. Rc1 Rxc1 1/2-1/2

[Event "Elit(Upsala-Manhem)"]
[Site "?"]
[Date "2010.10.09"]
[Round "2"]
[White "Lindberg, Henrik"]
[Black "Moberg, Karl Johan"]
[Result "1/2-1/2"]
[WhiteElo "2240"]
[BlackElo "2317"]
[PlyCount "81"]

1. e4 e5 2. Nf3 Nc6 3. Nc3 Nf6 4. d4 exd4 5. Nxd4 Bb4 6. Nxc6 bxc6 7. Bd3 d5 8.
exd5 cxd5 9. O-O O-O 10. Bg5 c6 11. Na4 Be6 12. c3 Be7 13. Re1 Re8 14. b4 Bg4
15. Qc2 h6 16. Be3 Bd6 17. Bd4 Nh5 18. Rxe8+ Qxe8 19. f3 Bd7 20. Nc5 Nf4 21.
Nxd7 Qxd7 22. Bf1 Re8 23. Qf2 Bb8 24. Re1 Rxe1 25. Qxe1 Ne6 26. Bf2 Qc7 27. g3
Qd8 28. f4 Qf6 29. Bd3 g6 30. a4 h5 31. a5 h4 32. Bf1 hxg3 33. hxg3 Kf8 34. Bh3
Kg8 35. Bg4 Kf8 36. Bh3 Kg8 37. Bf1 Kf8 38. Bh3 Kg8 39. Bg2 Kf8 40. Bh3 Kg8 41.
Bf1 1/2-1/2

[Event "Elit(Team Viking-Kamraterna)"]
[Site "?"]
[Date "2010.10.09"]
[Round "2"]
[White "Svenn, Matti"]
[Black "Sagit, Rauan"]
[Result "1/2-1/2"]
[WhiteElo "2253"]
[BlackElo "2458"]
[PlyCount "96"]

1. e4 c5 2. Nf3 d6 3. d4 cxd4 4. Nxd4 Nf6 5. Nc3 a6 6. Bg5 e6 7. Qf3 Be7 8.
O-O-O Qa5 9. h4 h6 10. Be3 Nc6 11. Qg3 Nh5 12. Qh2 Nf6 13. f3 Nxd4 14. Bxd4 e5
15. Be3 Be6 16. Qg1 Nd7 17. Kb1 Rc8 18. Nd5 Bxd5 19. exd5 h5 20. g3 f5 21. Rh2
O-O 22. Rhd2 Bd8 23. Be2 Bb6 24. f4 Bxe3 25. Qxe3 Qc5 26. Qxc5 Rxc5 27. fxe5
Nxe5 28. Bxh5 f4 29. gxf4 Rxf4 30. Rh2 Rcc4 31. Rdh1 Rcd4 32. c3 Rxd5 33. Bd1
Kf8 34. Bb3 Rd3 35. h5 Rdf3 36. Bd5 Rf1+ 37. Rxf1 Rxf1+ 38. Kc2 b6 39. h6 gxh6
40. Rxh6 Rf2+ 41. Kb3 Nd3 42. Rxd6 Rxb2+ 43. Ka3 Rb5 44. Bc4 Ra5+ 45. Kb3 Nc5+
46. Kc2 b5 47. Bb3 Nxb3 48. axb3 Ke7 1/2-1/2

[Event "Elit(Team Viking-Kamraterna)"]
[Site "?"]
[Date "2010.10.09"]
[Round "2"]
[White "Lindberg, Bo"]
[Black "Andersson, Michael"]
[Result "1-0"]
[WhiteElo "2441"]
[BlackElo "2222"]
[PlyCount "101"]

1. d4 c6 2. c4 d5 3. Nf3 Nf6 4. Nc3 a6 5. cxd5 cxd5 6. Bg5 Ne4 7. Bh4 Nc6 8. e3
Bg4 9. Bd3 Nxc3 10. bxc3 g6 11. O-O Bg7 12. h3 Bxf3 13. Qxf3 O-O 14. e4 dxe4
15. Bxe4 Qd7 16. Rab1 Rac8 17. Rb6 e5 18. d5 Na5 19. d6 f6 20. Bxg6 hxg6 21.
Qd5+ Kh8 22. Qxa5 Rc4 23. Bg3 Rfc8 24. Qd5 R8c6 25. Rfb1 R4c5 26. Qd3 f5 27.
Rxc6 Rxc6 28. Rd1 g5 29. f3 e4 30. Qd5 exf3 31. Be5 fxg2 32. Re1 Kh7 33. Bxg7
Rxd6 34. Qe5 Rd3 35. Bf6 Rxh3 36. Bxg5 Rh1+ 37. Kxg2 Rxe1 38. Qxe1 Qd5+ 39. Kg1
Kg6 40. Qd2 Qf3 41. Be3 Kf7 42. Bf4 Qg4+ 43. Kf2 Qh4+ 44. Ke2 Qg4+ 45. Kd3 Qf3+
46. Kc2 Qe4+ 47. Kb2 Qc6 48. Qd4 Qb5+ 49. Ka3 Kg6 50. Qe5 Qb1 51. Qe6+ 1-0

[Event "Elit(Team Viking-Kamraterna)"]
[Site "?"]
[Date "2010.10.09"]
[Round "2"]
[White "Cramling, Dan"]
[Black "Nyberg, Ulf"]
[Result "1/2-1/2"]
[WhiteElo "2419"]
[BlackElo "2109"]
[PlyCount "61"]

1. d4 Nf6 2. c4 e6 3. Nc3 Bb4 4. e3 O-O 5. Bd3 d5 6. cxd5 exd5 7. Nge2 Re8 8.
O-O b6 9. a3 Bf8 10. b4 c5 11. bxc5 bxc5 12. dxc5 Bxc5 13. Bb2 Nbd7 14. Rc1 Rb8
15. Nb5 Bf8 16. Bd4 Ne5 17. Bxa7 Nxd3 18. Qxd3 Bf5 19. Qxf5 Rxb5 20. a4 Ra5 21.
Bd4 Ne4 22. Nc3 g6 23. Nxe4 dxe4 24. Qf4 Bd6 25. Qh6 Bf8 26. Qh3 Bd6 27. f4 f5
28. Rc6 Rxa4 29. Rd1 Bxf4 30. Rxg6+ Kf7 31. Qxh7+ 1/2-1/2

[Event "Elit(Rockaden-Orgryte)"]
[Site "?"]
[Date "2010.10.09"]
[Round "2"]
[White "Frisk Kockum, Anton"]
[Black "Hermansson, Emil"]
[Result "1-0"]
[WhiteElo "2384"]
[BlackElo "2458"]
[PlyCount "59"]

1. d4 Nf6 2. Nf3 g6 3. c4 Bg7 4. Nc3 d5 5. Bg5 dxc4 6. e4 c5 7. d5 b5 8. e5 b4
9. exf6 exf6 10. Qe2+ Kf8 11. Be3 bxc3 12. Bxc5+ Kg8 13. bxc3 Ba6 14. Be7 Qb6
15. g3 f5 16. Bb4 Nc6 17. dxc6 Qxc6 18. O-O-O Re8 19. Rd6 Bh6+ 20. Kb1 Qa8 21.
Qd1 Bb7 22. Bxc4 Bxf3 23. Bxf7+ Kxf7 24. Rd7+ Kf6 25. Qd4+ Re5 26. Be7+ Kf7 27.
Bg5+ Kf8 28. Rd8+ Qxd8 29. Qxd8+ Kf7 30. Qd7+ 1-0

[Event "Elit(Rockaden-Orgryte)"]
[Site "?"]
[Date "2010.10.09"]
[Round "2"]
[White "Engqvist, Thomas"]
[Black "Arnelind, Mikael"]
[Result "1-0"]
[WhiteElo "2452"]
[BlackElo "2235"]
[PlyCount "123"]

1. c4 e5 2. Nc3 Nf6 3. Nf3 Nc6 4. d4 exd4 5. Nxd4 Nxd4 6. Qxd4 d6 7. g3 Be7 8.
Bg2 O-O 9. b3 Re8 10. Bb2 Bf8 11. O-O a6 12. Rad1 Nd7 13. Ne4 Qe7 14. Nc3 Nc5
15. Nd5 Qd8 16. Rd2 Bd7 17. Ne3 Rb8 18. h4 a5 19. Rfd1 b5 20. cxb5 Rxb5 21. Nc4
Qc8 22. Bd5 Re7 23. Bc3 a4 24. b4 Ne6 25. Qd3 Nd8 26. Ne3 h6 27. a3 Rb8 28. Rc1
c6 29. Ba2 Be6 30. Bb1 f5 31. Nxf5 Bxf5 32. Qxf5 Qxf5 33. Bxf5 d5 34. Bd4 Rbb7
35. Bc2 Rb8 36. Bc5 Re6 37. Bxf8 Kxf8 38. Bd1 Ra8 39. Rdc2 Re7 40. Rc5 Rea7 41.
b5 cxb5 42. Rxb5 d4 43. Rc4 Ne6 44. Rbb4 Ke7 45. Rxa4 Rxa4 46. Rxa4 Rxa4 47.
Bxa4 Kd6 48. Kg2 Kc5 49. Bd7 Nc7 50. Kf3 Nd5 51. Be6 Nc3 52. h5 Kb5 53. Bb3 Nb1
54. Bc2 Nxa3 55. Bd3+ Nc4 56. Ke4 Kc5 57. Bxc4 Kxc4 58. f4 Kc3 59. g4 Kd2 60.
Kxd4 Kxe2 61. g5 Kf3 62. gxh6 1-0

[Event "Elit(Rockaden-Orgryte)"]
[Site "?"]
[Date "2010.10.09"]
[Round "2"]
[White "Zackrisson, Mattias"]
[Black "Barkhagen, Jonas"]
[Result "0-1"]
[WhiteElo "2205"]
[BlackElo "2501"]
[PlyCount "136"]

1. e4 c5 2. Nf3 d6 3. d3 Nf6 4. g3 b6 5. Bg2 Bb7 6. O-O e6 7. Nbd2 Be7 8. Re1
O-O 9. Nf1 Nc6 10. h4 Nd4 11. c3 Nxf3+ 12. Bxf3 Nd7 13. Bg2 Qc7 14. Ne3 Rae8
15. f4 Qb8 16. Bd2 Qa8 17. h5 Bd8 18. g4 Bc7 19. Re2 d5 20. e5 d4 21. Nc4 f6
22. Qa4 Rd8 23. cxd4 cxd4 24. Bb4 Nc5 25. Bxc5 bxc5 26. Bxb7 Qxb7 27. Rf1 h6
28. Rff2 f5 29. g5 hxg5 30. fxg5 f4 31. Re4 Rf5 32. g6 Rxh5 33. Rfxf4 Rg5+ 34.
Kf1 Rxg6 35. Qd1 Rg5 36. Qf3 Qd5 37. Qe2 Rf5 38. Rxf5 exf5 39. Rh4 Qf7 40. Qh2
Qg6 41. Rh8+ Kf7 42. Rxd8 Bxd8 43. Qh1 Be7 44. Qd5+ Qe6 45. Qb7 f4 46. Nd6+ Kg8
47. Qc8+ Qxc8 48. Nxc8 Kf7 49. Nxa7 Ke6 50. a4 Kxe5 51. a5 Kd5 52. Nc8 Bf8 53.
Ke2 Kc6 54. Nb6 Bd6 55. Kf3 Bc7 56. Nc4 Kb5 57. Kg4 Ka6 58. Kf3 g5 59. Kg4 Bxa5
60. Ne5 Bd8 61. Kf5 Kb5 62. Ke4 Bc7 63. Ng4 Kb4 64. Kd5 Bb8 65. Ke4 Kb3 66. Kf5
Kxb2 67. Nf2 Kc2 68. Kxg5 c4 0-1